[Event "Montreal op"]
[Site "Montreal CAN"]
[Date "2005.07.23"]
[Round "7"]
[White "Yuan, Yuanling"]
[Black "Robidas, Francois"]
[Result "1-0"]
[WhiteElo "1995"]
[BlackElo "2125"]
[PlyCount "57"]
[GameId "2160767910901217"]
[EventDate "2005.07.15"]
[EventType "swiss"]
[EventRounds "9"]
[EventCountry "CAN"]
[SourceTitle "EXT 2007"]
[Source "ChessBase"]
[SourceDate "2006.11.23"]
[SourceVersion "1"]
[SourceVersionDate "2006.11.23"]
[SourceQuality "1"]

1. e4 Nf6 2. e5 Nd5 3. d4 d6 4. Nf3 Bg4 5. exd6 cxd6 6. h3 Bh5 7. Be2 e6 8. c4 Nb6 9. Nc3 Be7 10. Be3 O-O 11. g4 Bg6 12. h4 h5 13. gxh5 Bxh5 14. Ng5 Bxe2 15. Qxe2 Bxg5 16. hxg5 g6 17. Ne4 Kg7 18. Bf4 N6d7 19. O-O-O d5 20. cxd5 exd5 21. Nf6 Qc8+ 22. Kb1 Rh8 23. Rxh8 Qxh8 24. Qf3 Qc8 25. Qh3 Qh8 26. Qxh8+ Kxh8 27. Rh1+ Kg7 28. Rh7+ Kf8 29. Bd6# 1-0

[Event "Montreal op"]
[Site "Montreal CAN"]
[Date "2005.07.23"]
[Round "8"]
[White "Berube, Antoine"]
[Black "McDonough, Jonathan"]
[Result "1-0"]
[WhiteElo "2168"]
[BlackElo "2192"]
[PlyCount "27"]
[GameId "2160767910901218"]
[EventDate "2005.07.15"]
[EventType "swiss"]
[EventRounds "9"]
[EventCountry "CAN"]
[SourceTitle "EXT 2007"]
[Source "ChessBase"]
[SourceDate "2006.11.23"]
[SourceVersion "1"]
[SourceVersionDate "2006.11.23"]
[SourceQuality "1"]

1. d4 e6 2. c4 d5 3. Nc3 Be7 4. cxd5 exd5 5. Bf4 c6 6. e3 Nf6 7. Bd3 O-O 8. Qc2 a5 9. Nf3 Nbd7 10. O-O Re8 11. Rfc1 Nf8 12. h3 Ng6 13. Bh2 Nd7 14. Nxd5 1-0

[Event "Montreal op"]
[Site "Montreal CAN"]
[Date "2005.07.23"]
[Round "8"]
[White "Desjardins, Michel"]
[Black "Goldner, John"]
[Result "1-0"]
[WhiteElo "1900"]
[BlackElo "1621"]
[PlyCount "33"]
[GameId "2160767910901219"]
[EventDate "2005.07.15"]
[EventType "swiss"]
[EventRounds "9"]
[EventCountry "CAN"]
[SourceTitle "EXT 2007"]
[Source "ChessBase"]
[SourceDate "2006.11.23"]
[SourceVersion "1"]
[SourceVersionDate "2006.11.23"]
[SourceQuality "1"]

1. e4 e5 2. Nc3 Nf6 3. Bc4 Bc5 4. d3 O-O 5. f4 d5 6. Nxd5 Ng4 7. f5 Nf2 8. Qh5 Nxh1 9. Bg5 Qd6 10. f6 Nd7 11. Ne7+ Kh8 12. fxg7+ Kxg7 13. Nf5+ Kh8 14. Nxd6 cxd6 15. Nh3 f5 16. Be7 d5 17. Ng5 1-0

[Event "Montreal op"]
[Site "Montreal CAN"]
[Date "2005.07.23"]
[Round "8"]
[White "Hajiyev, Elshad"]
[Black "Plante, Michel"]
[Result "1-0"]
[WhiteElo "1954"]
[BlackElo "1931"]
[PlyCount "83"]
[GameId "2160767910901222"]
[EventDate "2005.07.15"]
[EventType "swiss"]
[EventRounds "9"]
[EventCountry "CAN"]
[SourceTitle "EXT 2007"]
[Source "ChessBase"]
[SourceDate "2006.11.23"]
[SourceVersion "1"]
[SourceVersionDate "2006.11.23"]
[SourceQuality "1"]

1. d4 d5 2. Nf3 Nf6 3. Bg5 h6 4. Bf4 c6 5. e3 Qb6 6. Qc1 Bf5 7. Nbd2 e6 8. Be2 Be7 9. O-O Nh5 10. Bxb8 Rxb8 11. c4 Nf6 12. h3 O-O 13. Ne5 c5 14. dxc5 Bxc5 15. Nb3 Be7 16. Nd4 Be4 17. cxd5 Bxd5 18. Bd3 Rfe8 19. Qc2 Rbc8 20. Qe2 Be4 21. Bxe4 Nxe4 22. Qh5 Rf8 23. Nd7 Qxb2 24. Nxf8 Rxf8 25. Rab1 Qxa2 26. Rxb7 Bf6 27. Qe2 Qd5 28. Qb5 Qd8 29. Rd7 Qc8 30. Rxa7 e5 31. Nf3 Nc3 32. Qd7 Qc4 33. g3 Qe2 34. Kg2 Rd8 35. Qxf7+ Kh8 36. Rd7 Rg8 37. Rd2 Qa6 38. Rc1 Ne4 39. Rdc2 Qa8 40. Qa2 Qe8 41. Qd5 Qg6 42. Rc8 1-0

[Event "Montreal op"]
[Site "Montreal CAN"]
[Date "2005.07.23"]
[Round "8"]
[White "Voskanyan, Vahagn"]
[Black "Noble, Matthew"]
[Result "1/2-1/2"]
[WhiteElo "2277"]
[BlackElo "2368"]
[PlyCount "47"]
[GameId "2160767910901223"]
[EventDate "2005.07.15"]
[EventType "swiss"]
[EventRounds "9"]
[EventCountry "CAN"]
[SourceTitle "EXT 2007"]
[Source "ChessBase"]
[SourceDate "2006.11.23"]
[SourceVersion "1"]
[SourceVersionDate "2006.11.23"]
[SourceQuality "1"]

1. e4 Nf6 2. e5 Nd5 3. Nc3 Nxc3 4. bxc3 d6 5. exd6 exd6 6. d4 Be7 7. Bd3 Nd7 8. Ne2 Nf6 9. Ng3 c6 10. O-O Qa5 11. Bd2 Bg4 12. Qe1 Qc7 13. h3 Be6 14. Qe2 O-O 15. Rfe1 Rfe8 16. Qf3 c5 17. dxc5 dxc5 18. c4 Qc6 19. Ne4 Rad8 20. Bc3 Nxe4 21. Rxe4 Bf8 22. Qh5 h6 23. Re3 Bc8 24. Rae1 1/2-1/2

[Event "Montreal op"]
[Site "Montreal CAN"]
[Date "2005.07.24"]
[Round "9"]
[White "Audet-Bouchard, Nicolas"]
[Black "Rivest, Jean-Michel"]
[Result "1-0"]
[WhiteElo "2128"]
[BlackElo "1921"]
[PlyCount "65"]
[GameId "2160767910901224"]
[EventDate "2005.07.15"]
[EventType "swiss"]
[EventRounds "9"]
[EventCountry "CAN"]
[SourceTitle "EXT 2007"]
[Source "ChessBase"]
[SourceDate "2006.11.23"]
[SourceVersion "1"]
[SourceVersionDate "2006.11.23"]
[SourceQuality "1"]

1. e4 c5 2. Nf3 d6 3. d4 cxd4 4. Nxd4 Nf6 5. Nc3 a6 6. Be3 Ng4 7. Bg5 h6 8. Bh4 g5 9. Bg3 Bg7 10. Qd2 Nc6 11. Nb3 b5 12. h4 gxh4 13. Rxh4 Be6 14. O-O-O Qb6 15. Nd5 Qb7 16. f4 O-O-O 17. Be2 Nf6 18. Bf3 Nd7 19. Na5 Nxa5 20. Nxe7+ Kb8 21. Qxa5 Nc5 22. Nd5 Bxd5 23. Rxd5 Rhe8 24. e5 Qa7 25. f5 Nb7 26. Qe1 dxe5 27. Bf2 Qa8 28. Qd2 Rxd5 29. Qxd5 Bf6 30. Qxf7 Bg5+ 31. Kb1 Rd8 32. Bb6 Rc8 33. Qe6 1-0

[Event "Montreal op"]
[Site "Montreal CAN"]
[Date "2005.07.24"]
[Round "9"]
[White "Berube, Antoine"]
[Black "Voskanyan, Vahagn"]
[Result "1/2-1/2"]
[WhiteElo "2168"]
[BlackElo "2217"]
[PlyCount "102"]
[GameId "2160767910901225"]
[EventDate "2005.07.15"]
[EventType "swiss"]
[EventRounds "9"]
[EventCountry "CAN"]
[SourceTitle "EXT 2007"]
[Source "ChessBase"]
[SourceDate "2006.11.23"]
[SourceVersion "1"]
[SourceVersionDate "2006.11.23"]
[SourceQuality "1"]

1. d4 Nf6 2. c4 g6 3. Nc3 d5 4. cxd5 Nxd5 5. e4 Nxc3 6. bxc3 Bg7 7. Bc4 O-O 8. Ne2 c5 9. O-O Nc6 10. Be3 Bg4 11. f3 Na5 12. Bxf7+ Rxf7 13. fxg4 Rxf1+ 14. Kxf1 Qd6 15. Kg1 Qe6 16. Qd3 cxd4 17. cxd4 Qxg4 18. Rf1 Rc8 19. h3 Qd7 20. d5 Qa4 21. Bd4 Qc2 22. Qxc2 Rxc2 23. Bxg7 Kxg7 24. Nd4 Rxa2 25. Ne6+ Kh6 26. Rf4 g5 27. d6 Nc6 28. dxe7 Nxe7 29. Rf7 Ng6 30. Rxb7 Ra6 31. Nd4 Nf4 32. Nf5+ Kg6 33. Ne7+ Kf6 34. Nd5+ Nxd5 35. exd5 h5 36. d6 Ra1+ 37. Kh2 a6 38. Rc7 Ra5 39. Rh7 Rd5 40. Rh6+ Kg7 41. Rxh5 Kg6 42. Rh8 Rxd6 43. Ra8 Kf5 44. Rf8+ Rf6 45. Ra8 Kf4 46. Rc8 Rf5 47. Rc4+ Ke3 48. Ra4 a5 49. Kg3 Rb5 50. Ra3+ Kd2 51. h4 gxh4+ 1/2-1/2

[Event "Montreal op"]
[Site "Montreal CAN"]
[Date "2005.07.24"]
[Round "9"]
[White "Cloutier, Mathieu"]
[Black "Malette, Martin"]
[Result "1-0"]
[WhiteElo "1950"]
[BlackElo "2050"]
[PlyCount "57"]
[GameId "2160767910901226"]
[EventDate "2005.07.15"]
[EventType "swiss"]
[EventRounds "9"]
[EventCountry "CAN"]
[SourceTitle "EXT 2007"]
[Source "ChessBase"]
[SourceDate "2006.11.23"]
[SourceVersion "1"]
[SourceVersionDate "2006.11.23"]
[SourceQuality "1"]

1. e4 c5 2. Nf3 Nc6 3. c3 d6 4. Be2 Nf6 5. d3 g6 6. O-O Bg7 7. Nbd2 O-O 8. a4 h6 9. Nc4 e5 10. h3 Be6 11. Ne3 d5 12. exd5 Nxd5 13. Nxd5 Qxd5 14. Be3 b6 15. Nd2 Rac8 16. f4 Bf5 17. Nc4 exf4 18. Bxf4 Rfd8 19. Ne3 Qe6 20. Nxf5 Qxf5 21. Bg4 Qd5 22. Bxc8 Rxc8 23. Qf3 Qd7 24. Rae1 Rd8 25. Re4 f5 26. Re2 g5 27. Bd2 f4 28. Rfe1 Kf8 29. Re6 1-0

[Event "Montreal op"]
[Site "Montreal CAN"]
[Date "2005.07.24"]
[Round "9"]
[White "Dimev, Kiril"]
[Black "Forget, Luc"]
[Result "1-0"]
[WhiteElo "1634"]
[BlackElo "1937"]
[PlyCount "85"]
[GameId "2160767910901227"]
[EventDate "2005.07.15"]
[EventType "swiss"]
[EventRounds "9"]
[EventCountry "CAN"]
[SourceTitle "EXT 2007"]
[Source "ChessBase"]
[SourceDate "2006.11.23"]
[SourceVersion "1"]
[SourceVersionDate "2006.11.23"]
[SourceQuality "1"]

1. d4 Nf6 2. c4 e6 3. Nc3 c5 4. d5 exd5 5. cxd5 Bd6 6. e4 O-O 7. Be2 Re8 8. Qc2 Be5 9. Bg5 h6 10. Bh4 d6 11. Nf3 Nbd7 12. Nxe5 Nxe5 13. O-O a6 14. a4 Bd7 15. h3 Rb8 16. a5 b5 17. axb6 Rxb6 18. f4 Ng6 19. Bg3 Bb5 20. Nxb5 axb5 21. Bf3 Qb8 22. Rfd1 Nd7 23. Bg4 Rb7 24. Ra6 Nb6 25. b3 Ra7 26. Rda1 Rxa6 27. Rxa6 Qb7 28. Ra1 c4 29. b4 Na4 30. Bh5 Qe7 31. Re1 Qf6 32. e5 dxe5 33. Bxg6 fxg6 34. fxe5 Qg5 35. Kh2 Nb6 36. Qe4 Qe7 37. e6 Nc8 38. Qxg6 Rd8 39. Rf1 Rf8 40. Rxf8+ Qxf8 41. Be5 Ne7 42. Qe4 Nf5 43. Bc3 1-0

[Event "Montreal op"]
[Site "Montreal CAN"]
[Date "2005.07.24"]
[Round "9"]
[White "Feoktistov, Dmitri"]
[Black "Luksza, Arkadiusz"]
[Result "0-1"]
[WhiteElo "2234"]
[BlackElo "2173"]
[PlyCount "110"]
[GameId "2160767910901229"]
[EventDate "2005.07.15"]
[EventType "swiss"]
[EventRounds "9"]
[EventCountry "CAN"]
[SourceTitle "EXT 2007"]
[Source "ChessBase"]
[SourceDate "2006.11.23"]
[SourceVersion "1"]
[SourceVersionDate "2006.11.23"]
[SourceQuality "1"]

1. e4 e6 2. d4 d5 3. Nd2 a6 4. Ngf3 c5 5. exd5 exd5 6. dxc5 Bxc5 7. Be2 Nc6 8. Nb3 Bb6 9. c3 h6 10. O-O Nf6 11. Nbd4 O-O 12. h3 Re8 13. Be3 Bc7 14. Nxc6 bxc6 15. c4 Bf5 16. c5 Qd7 17. Qa4 Bxh3 18. Qh4 Bf5 19. Nd4 Re4 20. Qh1 Ng4 21. Bxg4 Bxg4 22. Nc2 Re5 23. g3 Rh5 24. Qg2 Bh3 25. Qf3 Rf5 26. Qe2 Bxf1 27. Rxf1 Re5 28. Qf3 Rae8 29. Nd4 Bd8 30. Kg2 Bg5 31. Bxg5 Rxg5 32. Rh1 Re4 33. Qd3 Rge5 34. Nf3 Re8 35. Qxa6 f5 36. Rh3 f4 37. Nh2 Rc4 38. Qa3 Qe7 39. gxf4 Rxf4 40. Re3 Re4 41. Rg3 Rc4 42. Ng4 Qe4+ 43. Kh2 Qe6 44. Ne3 Rh4+ 45. Kg1 Qe4 46. Rg2 Qb1+ 47. Nf1 Re1 48. Qa8+ Kh7 49. Rxg7+ Kxg7 50. Qb7+ Kf6 51. Qxc6+ Re6 52. Qxd5 Rg4+ 53. Kh2 Qxf1 54. Qf3+ Kg5 55. Qd5+ Kh4 0-1

[Event "Montreal op"]
[Site "Montreal CAN"]
[Date "2005.07.24"]
[Round "9"]
[White "Gacogne, Charlie"]
[Black "Tremblay, Rejean"]
[Result "0-1"]
[WhiteElo "2003"]
[BlackElo "2223"]
[PlyCount "46"]
[GameId "2160767910901230"]
[EventDate "2005.07.15"]
[EventType "swiss"]
[EventRounds "9"]
[EventCountry "CAN"]
[SourceTitle "EXT 2007"]
[Source "ChessBase"]
[SourceDate "2006.11.23"]
[SourceVersion "1"]
[SourceVersionDate "2006.11.23"]
[SourceQuality "1"]

1. e4 e6 2. d4 d5 3. Nc3 Nf6 4. e5 Nfd7 5. Nce2 c5 6. c3 Nc6 7. Nf3 Qb6 8. g3 f6 9. exf6 Nxf6 10. Bg2 cxd4 11. cxd4 Bb4+ 12. Nc3 Ne4 13. Qd3 Qa6 14. Qxa6 bxa6 15. Ne5 Nxe5 16. Bxe4 Nc6 17. Bg2 Nxd4 18. O-O O-O 19. Nxd5 exd5 20. Bxd5+ Be6 21. Bxa8 Rxa8 22. Rd1 Nc2 23. Rb1 Bxa2 0-1

[Event "Montreal op"]
[Site "Montreal CAN"]
[Date "2005.07.24"]
[Round "9"]
[White "Gilman, Arkadiy"]
[Black "Masse, Hugues"]
[Result "1/2-1/2"]
[WhiteElo "2115"]
[BlackElo "2264"]
[PlyCount "50"]
[GameId "2160767910901231"]
[EventDate "2005.07.15"]
[EventType "swiss"]
[EventRounds "9"]
[EventCountry "CAN"]
[SourceTitle "EXT 2007"]
[Source "ChessBase"]
[SourceDate "2006.11.23"]
[SourceVersion "1"]
[SourceVersionDate "2006.11.23"]
[SourceQuality "1"]

1. d4 Nf6 2. Nf3 g6 3. c4 Bg7 4. Nc3 d5 5. Bg5 Ne4 6. cxd5 Nxg5 7. Nxg5 e6 8. Qa4+ c6 9. dxc6 Nxc6 10. Nf3 Bd7 11. Qd1 Qb6 12. Qd2 Nxd4 13. O-O-O Rd8 14. Nxd4 Bc6 15. e3 e5 16. Qe1 exd4 17. exd4+ Kf8 18. d5 Rxd5 19. Rxd5 Bxd5 20. Qe7+ Kxe7 21. Nxd5+ Kd6 22. Nxb6 axb6 23. Be2 Rd8 24. Bf3 Kc7 25. Re1 Bf6 1/2-1/2

[Event "Montreal op"]
[Site "Montreal CAN"]
[Date "2005.07.24"]
[Round "9"]
[White "Gunapalan, David"]
[Black "Julien, Gabi"]
[Result "1/2-1/2"]
[WhiteElo "1980"]
[BlackElo "1785"]
[PlyCount "80"]
[GameId "2160767910901232"]
[EventDate "2005.07.15"]
[EventType "swiss"]
[EventRounds "9"]
[EventCountry "CAN"]
[SourceTitle "EXT 2007"]
[Source "ChessBase"]
[SourceDate "2006.11.23"]
[SourceVersion "1"]
[SourceVersionDate "2006.11.23"]
[SourceQuality "1"]

1. e4 c5 2. Nf3 d6 3. d4 cxd4 4. Nxd4 Nf6 5. Nc3 a6 6. Be3 e5 7. Nf3 Be7 8. h3 O-O 9. a4 b6 10. Bc4 Bb7 11. Bd5 Qc7 12. Bxb7 Qxb7 13. Qd3 Nbd7 14. Rd1 Rfd8 15. O-O b5 16. axb5 axb5 17. Nd5 Nxd5 18. exd5 Nf6 19. Ng5 Rdc8 20. Ne4 Nxe4 21. Qxe4 Ra2 22. Ra1 Qa6 23. Rxa2 Qxa2 24. Bc1 Rc5 25. Rd1 Qb1 26. Qe1 Qxc2 27. Be3 Rc4 28. Ra1 h6 29. Qf1 Ra4 30. Rc1 Qxb2 31. Rb1 Qc2 32. Qxb5 Kh7 33. Rc1 Qe4 34. Qe8 Ra3 35. Rf1 Bf6 36. Qxf7 Rd3 37. Qe6 Rxd5 38. Rc1 Bg5 39. Bxg5 hxg5 40. Qf7 Rc5 1/2-1/2

[Event "Montreal op"]
[Site "Montreal CAN"]
[Date "2005.07.24"]
[Round "9"]
[White "Haukenfrers, Dale"]
[Black "Caceres Cortes, Julio"]
[Result "1-0"]
[WhiteElo "2150"]
[BlackElo "2023"]
[PlyCount "53"]
[GameId "2160767910901233"]
[EventDate "2005.07.15"]
[EventType "swiss"]
[EventRounds "9"]
[EventCountry "CAN"]
[SourceTitle "EXT 2007"]
[Source "ChessBase"]
[SourceDate "2006.11.23"]
[SourceVersion "1"]
[SourceVersionDate "2006.11.23"]
[SourceQuality "1"]

1. e4 c5 2. Nf3 a6 3. c3 d5 4. exd5 Qxd5 5. d4 Nf6 6. Be3 cxd4 7. cxd4 Bg4 8. Nc3 Qd7 9. Na4 Bxf3 10. gxf3 Nd5 11. Nc5 Qd6 12. Qa4+ Nc6 13. a3 f5 14. Nxb7 Qe6 15. Nc5 Qf6 16. Rc1 Nxe3 17. fxe3 Kf7 18. Bc4+ Kg6 19. Rg1+ Kh6 20. Rg3 g5 21. Ne6 Rc8 22. Nxg5 Nd8 23. Qd7 Rb8 24. Rc2 Qxg5 25. Rxg5 Kxg5 26. Rg2+ Kf6 27. Qc7 1-0

[Event "Montreal op"]
[Site "Montreal CAN"]
[Date "2005.07.24"]
[Round "9"]
[White "Jodoin, Pierre"]
[Black "Carrier, Claude"]
[Result "0-1"]
[WhiteElo "1761"]
[BlackElo "2049"]
[PlyCount "86"]
[GameId "2160767910901234"]
[EventDate "2005.07.15"]
[EventType "swiss"]
[EventRounds "9"]
[EventCountry "CAN"]
[SourceTitle "EXT 2007"]
[Source "ChessBase"]
[SourceDate "2006.11.23"]
[SourceVersion "1"]
[SourceVersionDate "2006.11.23"]
[SourceQuality "1"]

1. e4 c5 2. Nf3 e6 3. d4 cxd4 4. Nxd4 Nf6 5. Nc3 d6 6. g4 h6 7. h4 Be7 8. Rg1 d5 9. f3 dxe4 10. fxe4 Nh7 11. g5 hxg5 12. hxg5 Bxg5 13. Bxg5 Nxg5 14. Be2 Nh3 15. Rg4 Qf6 16. Nf3 Nf4 17. Qd6 e5 18. Bb5+ Nc6 19. Qxf6 gxf6 20. Rg1 Be6 21. O-O-O Rd8 22. Rxd8+ Kxd8 23. Rd1+ Kc8 24. Nd5 Rh3 25. Ng1 Rh6 26. Nxf4 exf4 27. Rf1 Rh1 28. Nf3 Rxf1+ 29. Bxf1 Kc7 30. a3 Ne5 31. Nd4 Bc4 32. Bg2 a6 33. Kd2 Be6 34. b3 Kd6 35. Bf3 Nxf3+ 36. Nxf3 Bg4 37. Nh2 Bh5 38. Kd3 Ke5 39. c3 f5 40. exf5 Kxf5 41. Kd4 Be2 42. c4 Kg5 43. Ke4 f5+ 0-1

[Event "Montreal op"]
[Site "Montreal CAN"]
[Date "2005.07.24"]
[Round "9"]
[White "Predescu, Sebastian"]
[Black "Malek, Omid"]
[Result "1/2-1/2"]
[WhiteElo "2234"]
[BlackElo "2021"]
[PlyCount "87"]
[GameId "2160767910901236"]
[EventDate "2005.07.15"]
[EventType "swiss"]
[EventRounds "9"]
[EventCountry "CAN"]
[SourceTitle "EXT 2007"]
[Source "ChessBase"]
[SourceDate "2006.11.23"]
[SourceVersion "1"]
[SourceVersionDate "2006.11.23"]
[SourceQuality "1"]

1. e4 c5 2. Nf3 e6 3. d4 cxd4 4. Nxd4 Nc6 5. Nc3 a6 6. Be3 Qc7 7. Bd3 Nf6 8. O-O Ne5 9. h3 Bc5 10. Qe2 d6 11. f4 Ned7 12. Rad1 O-O 13. g4 e5 14. Nf5 exf4 15. Ne7+ Kh8 16. Rxf4 Ne5 17. Ned5 Nxd5 18. Nxd5 Bxe3+ 19. Qxe3 Qd8 20. Qb6 Be6 21. Qxb7 Qh4 22. Kg2 g5 23. Qe7 Bxd5 24. exd5 Rae8 25. Qf6+ Kg8 26. Rf5 h6 27. Rf4 Nxd3 28. Rxd3 Qe1 29. Rf2 Qe4+ 30. Qf3 Qe1 31. Qf6 Qe4+ 32. Qf3 Qe1 33. Rf1 Qa5 34. a3 Qb6 35. b4 Qc7 36. Rf2 Qc4 37. Qf6 Qe4+ 38. Kg3 Qe1 39. Qxd6 Re2 40. Qc5 f5 41. Kg2 Rfe8 42. Rdf3 Rxf2+ 43. Rxf2 Qe4+ 44. Kg3 1/2-1/2

[Event "Montreal op"]
[Site "Montreal CAN"]
[Date "2005.07.24"]
[Round "9"]
[White "Ramaswamy, Kishor"]
[Black "Fernandez, Lautaro"]
[Result "1/2-1/2"]
[WhiteElo "2074"]
[BlackElo "2120"]
[PlyCount "57"]
[GameId "2160767910901237"]
[EventDate "2005.07.15"]
[EventType "swiss"]
[EventRounds "9"]
[EventCountry "CAN"]
[SourceTitle "EXT 2007"]
[Source "ChessBase"]
[SourceDate "2006.11.23"]
[SourceVersion "1"]
[SourceVersionDate "2006.11.23"]
[SourceQuality "1"]

1. d4 Nf6 2. Nf3 e6 3. Bg5 h6 4. Bh4 d5 5. e3 Be7 6. Nbd2 O-O 7. Bd3 c5 8. c3 b6 9. Ne5 Nfd7 10. Bxe7 Qxe7 11. f4 Nxe5 12. fxe5 Ba6 13. Bxa6 Nxa6 14. Qe2 Nc7 15. O-O f6 16. exf6 Rxf6 17. Rxf6 Qxf6 18. Rf1 Qe7 19. Nf3 Rf8 20. Ne5 Rxf1+ 21. Qxf1 Ne8 22. Ng6 Qg5 23. Qf8+ Kh7 24. Nf4 e5 25. h4 Qg3 26. Nxd5 exd4 27. Qf5+ Kh8 28. Qf8+ Kh7 29. Qf5+ 1/2-1/2

[Event "Montreal op"]
[Site "Montreal CAN"]
[Date "2005.07.24"]
[Round "9"]
[White "Rondon, Luciano"]
[Black "Plante, Michel"]
[Result "0-1"]
[WhiteElo "1883"]
[BlackElo "1931"]
[PlyCount "62"]
[GameId "2160767910901238"]
[EventDate "2005.07.15"]
[EventType "swiss"]
[EventRounds "9"]
[EventCountry "CAN"]
[SourceTitle "EXT 2007"]
[Source "ChessBase"]
[SourceDate "2006.11.23"]
[SourceVersion "1"]
[SourceVersionDate "2006.11.23"]
[SourceQuality "1"]

1. d4 d5 2. c4 e6 3. Nf3 c6 4. Nc3 Nf6 5. e3 Nbd7 6. Bd3 dxc4 7. Bxc4 b5 8. Bd3 Bb7 9. O-O a6 10. e4 c5 11. d5 e5 12. b3 Bd6 13. a4 c4 14. bxc4 b4 15. Ne2 a5 16. Ng3 g6 17. Bb2 Qe7 18. Nd2 Nc5 19. Nb3 Nxb3 20. Qxb3 Bc5 21. Be2 h5 22. Qd3 O-O-O 23. Bc1 Ng4 24. Nh1 Kb8 25. h3 Bc8 26. hxg4 hxg4 27. Qg3 Rh4 28. Bb2 Bd6 29. Qe3 Rdh8 30. Ng3 Bc5 31. Bxe5+ Qxe5 0-1

[Event "Montreal op"]
[Site "Montreal CAN"]
[Date "2005.07.24"]
[Round "9"]
[White "Rosen, Matthew"]
[Black "Bolduc, Steve"]
[Result "0-1"]
[WhiteElo "2191"]
[BlackElo "2206"]
[PlyCount "106"]
[GameId "2160767910901239"]
[EventDate "2005.07.15"]
[EventType "swiss"]
[EventRounds "9"]
[EventCountry "CAN"]
[SourceTitle "EXT 2007"]
[Source "ChessBase"]
[SourceDate "2006.11.23"]
[SourceVersion "1"]
[SourceVersionDate "2006.11.23"]
[SourceQuality "1"]

1. e4 c5 2. c4 d6 3. Nf3 Bg4 4. h3 Bxf3 5. Qxf3 Nc6 6. Nc3 g6 7. d3 Bg7 8. Be3 e6 9. g4 Qb6 10. Nb5 Rd8 11. Qe2 a6 12. Nc3 Nd4 13. Bxd4 Bxd4 14. Bg2 Ne7 15. O-O Qb4 16. Qd2 f6 17. a3 Qb6 18. Rab1 Qa5 19. Qh6 Rd7 20. Ne2 Nc6 21. b4 Qxa3 22. b5 Nb4 23. Nxd4 cxd4 24. bxa6 bxa6 25. e5 dxe5 26. Rxb4 Qxb4 27. Bc6 Qf8 28. Qxf8+ Rxf8 29. Ra1 Ke7 30. Bxd7 Kxd7 31. Rxa6 Rb8 32. Ra7+ Kc6 33. Rxh7 e4 34. Ra7 exd3 35. Ra1 Kc5 36. Rc1 Rb2 37. Kf1 Rc2 38. Rd1 Kxc4 39. h4 Ra2 40. Ke1 Kc3 41. Rc1+ Rc2 42. Ra1 Kb2 43. Ra6 Re2+ 44. Kf1 Re4 45. Rb6+ Kc2 46. Rc6+ Kd1 47. f3 Re2 48. Rc4 Rc2 49. Rxd4 d2 50. Ra4 Rc5 51. Kf2 Kc1 52. Ra1+ Kb2 53. Rd1 Kc2 0-1

[Event "Montreal op"]
[Site "Montreal CAN"]
[Date "2005.07.24"]
[Round "9"]
[White "Tessier, Olivier"]
[Black "Robichaud, Louis"]
[Result "1-0"]
[WhiteElo "2136"]
[BlackElo "2158"]
[PlyCount "59"]
[GameId "2160767910901240"]
[EventDate "2005.07.15"]
[EventType "swiss"]
[EventRounds "9"]
[EventCountry "CAN"]
[SourceTitle "EXT 2007"]
[Source "ChessBase"]
[SourceDate "2006.11.23"]
[SourceVersion "1"]
[SourceVersionDate "2006.11.23"]
[SourceQuality "1"]

1. c4 Nf6 2. Nc3 g6 3. g3 Bg7 4. Bg2 O-O 5. Nf3 d6 6. d3 e5 7. Bg5 h6 8. Bxf6 Qxf6 9. O-O c6 10. Rb1 Qe7 11. Ne1 Nd7 12. b4 f5 13. Qd2 Nf6 14. Nc2 Be6 15. b5 d5 16. bxc6 bxc6 17. cxd5 cxd5 18. d4 e4 19. Na4 Rad8 20. Nc5 Bc8 21. Rb5 g5 22. Bh3 Kh8 23. Rfb1 Rg8 24. Rb7 Qd6 25. Rxa7 f4 26. Bxc8 Rxc8 27. gxf4 gxf4 28. f3 Nd7 29. Rxd7 Bxd4+ 30. Kh1 1-0

[Event "Montreal op"]
[Site "Montreal CAN"]
[Date "2005.07.24"]
[Round "9"]
[White "Yao, Sammy"]
[Black "Malveau, Cedric"]
[Result "1/2-1/2"]
[WhiteElo "1862"]
[BlackElo "1970"]
[PlyCount "70"]
[GameId "2160767910901241"]
[EventDate "2005.07.15"]
[EventType "swiss"]
[EventRounds "9"]
[EventCountry "CAN"]
[SourceTitle "EXT 2007"]
[Source "ChessBase"]
[SourceDate "2006.11.23"]
[SourceVersion "1"]
[SourceVersionDate "2006.11.23"]
[SourceQuality "1"]

1. e4 c5 2. Nf3 d6 3. d4 cxd4 4. Nxd4 Nf6 5. Nc3 a6 6. f3 e5 7. Nb3 Be6 8. Be3 Nbd7 9. Qd2 Qc7 10. g4 Nb6 11. O-O-O Be7 12. g5 Nh5 13. Kb1 Rc8 14. Bd3 O-O 15. Ne2 Nc4 16. Bxc4 Qxc4 17. Ng3 Nf4 18. h4 d5 19. Bxf4 exf4 20. Nf5 Bb4 21. c3 dxe4 22. Qxf4 exf3 23. Rd4 Qb5 24. Rxb4 Qxf5+ 25. Qxf5 Bxf5+ 26. Kc1 Rfe8 27. Rf4 g6 28. Rf1 Re3 29. Nd4 Be4 30. Kd2 Rd3+ 31. Ke1 Re8 32. Kf2 Rd2+ 33. Ke3 Rd3+ 34. Kf2 Rd2+ 35. Ke3 Rd3+ 1/2-1/2

[Event "Montreal op"]
[Site "Montreal CAN"]
[Date "2005.07.24"]
[Round "9"]
[White "Ye, Ling Feng"]
[Black "Libersan, Thierry"]
[Result "1/2-1/2"]
[WhiteElo "2051"]
[BlackElo "2065"]
[PlyCount "47"]
[GameId "2160767910901242"]
[EventDate "2005.07.15"]
[EventType "swiss"]
[EventRounds "9"]
[EventCountry "CAN"]
[SourceTitle "EXT 2007"]
[Source "ChessBase"]
[SourceDate "2006.11.23"]
[SourceVersion "1"]
[SourceVersionDate "2006.11.23"]
[SourceQuality "1"]

1. e4 c5 2. Nc3 e6 3. Nf3 Nc6 4. d4 cxd4 5. Nxd4 Nf6 6. Ndb5 d6 7. Bf4 e5 8. Bg5 a6 9. Na3 b5 10. Bxf6 gxf6 11. Nd5 Be6 12. Bd3 f5 13. Qh5 Bg7 14. O-O f4 15. c4 b4 16. Nc2 a5 17. b3 O-O 18. a3 bxa3 19. Nxa3 Nd4 20. Rfb1 f5 21. Nc2 Nxc2 22. Bxc2 Bxd5 23. cxd5 Rf6 24. Ra4 1/2-1/2